| 000 | 00349 a2200121 4500 | ||
|---|---|---|---|
| 001 | 55491 | ||
| 082 | _a660.0151821 THO | ||
| 090 |
_c34435 _d34435 |
||
| 100 | _aThoma, Jean | ||
| 245 | _aModelling and simulation in thermal and chemical engineering ; a bond graph approach | ||
| 260 |
_aHeidelberg _bspringer-Verlag _c2000 |
||
| 300 | _a219 p. | ||
| 942 |
_aNUST-CAE _k660.0151821 THO |
||
| 999 |
_c290564 _d290564 |
||